Oceňovanie investícií a užitočnosť bohatstva

Gespeichert in:
Bibliographische Detailangaben
1. Verfasser: Starečková, Anna
Weitere Verfasser: Pinda, Ľudovít, 1958-
Format: Buchkapitel
Sprache:Slowakisch
Schlagworte:
Tags: Tag hinzufügen
Keine Tags, Fügen Sie das erste Tag hinzu!

MARC

LEADER 00000nla a2200000 4500
001 0157222
005 20240502072739.4
041 0 |a slo 
044 |a SK 
245 1 0 |a Oceňovanie investícií a užitočnosť bohatstva  |c Anna Starečková, Ľudovít Pinda 
500 |a Abstrakt 
610 2 0 |a matematika finančná 
610 2 0 |a informatika ekonomická 
610 2 0 |a zabezpečenie matematické 
610 2 0 |a metódy matematické 
610 2 0 |a funkcie nákladové 
610 2 0 |a vzorce 
610 2 0 |a indexy 
610 2 0 |a limity 
100 1 |a Starečková, Anna 
700 1 |a Pinda, Ľudovít, 1958-